000 00701nam a2200193Ii 4500
003 JO-AjNU
008 230605s9999||||xx |||||||||||||| ||und||
040 _aJO-AjNU
_bara
_erda
_cJO-AjNU
041 _aara
050 1 4 _aHC498.9.I53. T3564. 1985
100 3 _a التميمي، عباس علي,
_eauthor
_919482
245 0 0 _aالنمو الصناعي في الوطن العربي
264 3 1 _aالموصل :جامعة الموصل،1985
300 _a292ص
_bببليوجرافية : ص. 277-283
336 _atext
_btxt
_2rdacontent
337 _aunmediated
_bn
_2rdamedia
338 _avolume
_bnc
_2rdacarrier
650 4 _a التنمية الصناعية - البلاد العربية
_919483
999 _aA6437
_c10005
_d10005